| 000 | 00666nam a22002297a 4500 | ||
|---|---|---|---|
| 003 | UA-OsUOA | ||
| 001 | 54491 | ||
| 007 | ta | ||
| 008 | 20080618b un ||||| |||| 00| 0 ukr d | ||
| 090 |
_a343.5(075.8) _bП43 |
||
| 942 | _cBK | ||
| 040 |
_aUA-OsUOA _brus _cUA-OsUOA _dUA-OsUOA |
||
| 245 |
_aПредотвращение торговли женщинами _bУчеб.-метод. пособие |
||
| 300 | _a120 с. | ||
| 955 | _a4 | ||
| 041 | _arus | ||
| 080 | _a343.5(075.8) | ||
| 020 | _a966-610-057-6 | ||
| 260 |
_aХарків _bИУВД _c2001 |
||
| 650 | 7 |
_a343 Кримінальне право. Карні порушення _2UDC |
|
| 999 |
_c340451 _d340451 |
||